Ensayo sobre la relación entre la terapia y la representación dramática a través de la comunicación /

Guardado en:
Detalles Bibliográficos
Autor principal: Soffchi Marchini, Germán (autor)
Formato: Tesis Libro
Idioma:Español
Temas:
Etiquetas: Agrega una etiqueta
Sin etiquetas, Sé el primero en etiquetar este registro!

MARC

LEADER 00000nam^a2200000^a^4500
001 000158438
005 20250521000000.0
009 20260310100613.734
037 |a Acervo ITESO - Biblioteca 
041 |a ESP 
090 |a CCO. 541 
100 |a Soffchi Marchini, Germán  |e (autor) 
245 1 0 |a Ensayo sobre la relación entre la terapia y la representación dramática a través de la comunicación /  |c G. Soffchi Marchini. 
264 |a Guadalajara, México :  |b edición de autor,  |c 2003 
300 |a 1 disco compacto de computadora 
336 |a datos para computadora  |b cod  |2 rdacontenido 
337 |a computadora  |b c  |2 rdamedio 
338 |a disco de computadora  |b cd  |2 rdasoporte 
502 |a ITESO Tesis de Licenciatura en Ciencias de la Comunicación 
649 |a XX 
650 |a Conflicto (Relaciones Personales) 
650 |a Comunicación Personal -  |x Tema Principal 
650 |a Psicodrama 
650 |a Psicoterapia Grupal -  |x Tema Principal 
650 |a Psicoterapia 
650 |a Psicología 
650 |a Comunicación 
910 |a Fondo General 
920 |a Electrónicos - Tesis del ITESO en Disco 
905 |a 202 
901 |a 0500089801  |b IT2  |c STS  |u 20250521 
902 |a https://opac.biblio.iteso.mx/vufind/Record/000158438